Milan Bočkay. Toto nie je - toto je [25. januára-8. apríla 2010 v Galérii Linea, Bratislava]

Bibliographic Details
Main Author: Bočkay, Milan, 1946- (Author)
Format: Book
Language:Slovak
PhysicalDescription:[12] s. ilustr. 21 cm
Published: Bratislava Galéria Linea [2010]
Edition:[1. vyd.]
Subjects:

MARC

LEADER 00000nam a2200000 a 4500
001 vtls010303873
003 SK-MaSNL
005 20260302011900.0
008 240313s2010 xo o g c 000 0dslo
020 |q (brož.) 
040 |a SNK  |b slo  |c SNK  |e AACR2 
041 0 |a slo 
044 |a xo  |c sk 
072 7 |a 72/76  |x Výtvarné umenie  |2 konspekt 
080 |a 72/76(437.6)  |2 2001 
080 |a 75  |2 2001 
080 |a (437.6)  |2 2001 
080 |a (083.824)  |2 2001 
100 1 |a Bočkay, Milan,  |d 1946-  |4 aut  |9 238451 
245 1 0 |a Milan Bočkay. Toto nie je - toto je  |b [25. januára-8. apríla 2010 v Galérii Linea, Bratislava] 
246 3 |a Toto nie je - toto je. Milan Bočkay 
250 |a [1. vyd.] 
260 |a Bratislava  |b Galéria Linea  |c [2010] 
300 |a [12] s.  |b ilustr.  |c 21 cm 
500 |a Názov z obalu 
600 1 7 |a Bočkay, Milan,  |d 1946-  |2 SNKMA  |9 238451 
650 0 7 |a slovenské výtvarné umenie  |2 SNKPH  |9 68597 
650 0 7 |a maľba  |2 SNKPH  |9 24532 
650 0 7 |a Slovak art  |2 SNKPHeng  |9 275442 
650 0 7 |a Painting  |2 SNKPHeng  |9 294628 
655 7 |a katalógy výstav  |2 SNKPH  |9 70445 
655 7 |a Exhibition catalogs  |2 SNKPHeng  |9 266232 
999 |c 1007709  |d 1009639 
952 |a SNK  |b SNK  |y PREZ  |7 0  |p 17A0631692  |o snkOSC 25661  |i snk2011/17599  |8 1  |0 0  |1 0  |4 0  |d 2011-08-16  |l 0  |r 2026-02-24 12:41:21  |w 2026-02-24